Szeged-Tápé-Lebőről származó régészeti kovakő- eszközök vizsgálata archeometriai módszerekkel

Elmentve itt :
Bibliográfiai részletek
Szerzők: Halbrucker Éva
Fintor Krisztián
Bozsó Gábor
Raucsik Béla
Dokumentumtípus: Cikk
Megjelent: 2014
Sorozat:ARCHEOMETRIAI MŰHELY 11 No. 1
mtmt:2711366
Online Access:http://publicatio.bibl.u-szeged.hu/7750
LEADER 00866nab a2200229 i 4500
001 publ7750
005 20220214125727.0
008 160928s2014 hu o 0|| zxx d
022 |a 1786-271X 
024 7 |a 2711366  |2 mtmt 
040 |a SZTE Publicatio Repozitórium  |b hun 
041 |a zxx 
100 1 |a Halbrucker Éva 
245 1 0 |a Szeged-Tápé-Lebőről származó régészeti kovakő- eszközök vizsgálata archeometriai módszerekkel  |h [elektronikus dokumentum] /  |c  Halbrucker Éva 
260 |c 2014 
300 |a 47-60 
490 0 |a ARCHEOMETRIAI MŰHELY  |v 11 No. 1 
700 0 1 |a Fintor Krisztián  |e aut 
700 0 1 |a Bozsó Gábor  |e aut 
700 0 1 |a Raucsik Béla  |e aut 
856 4 0 |u http://publicatio.bibl.u-szeged.hu/7750/1/AM-14-01-HE.pdf  |z Dokumentum-elérés  
856 4 0 |u http://publicatio.bibl.u-szeged.hu/7750/7/Archeometriai%20M%C5%B1hely.pdf  |z Dokumentum-elérés